000 00867cab a22002295a 4500
001 L154342
008 111114e20111111xxk 000 0 eng d
035 _a(Sirsi) u154342
041 0 _aeng
100 1 _aBarnes, Rachel
245 0 4 _aThe payment method
260 _c2011
490 _aBuilding
_v276 (8703) 11 November 2011, 45(1)
520 _aDiscusses how consultants' payment processes have changed in the standard contracts since the new Construction Act.
590 _aKA
650 2 4 _aHOUSING GRANTS, CONSTRUCTION AND REGENERATION ACT 1996
650 2 4 _aLOCAL DEMOCRACY, ECONOMIC DEVELOPMENT AND CONSTRUCTION ACT 2009
651 4 _aUnited Kingdom
_y
690 _aBUILT ENVIRONMENT-BUILDING CONTRACT FORMS-STANDARD FORMS OF BUILDING CONTRACT
690 _aBUILT ENVIRONMENT-CONSTRUCTION MANAGEMENT-BUILDING CONTRACT ADMINISTRATION
942 _n0
999 _c83585
_d83585